000 00330nam a22001337a 4500
008 190226b xxu||||| |||| 00| 0 eng d
020 _a9780073229874
041 _aeng
080 _a371
100 _a25
101 _aEDU
245 _aPower Learning. Strategies for success in College and Life
_cFeldman, R.S
942 _2udc
_cBK
999 _c54292
_d54292